Physics : imagination and reality

Gorde:
Xehetasun bibliografikoak
Egile nagusia: Wallace, Philip R. (Philip Russell)
Formatua: Liburua
Hizkuntza:Vietnamese
Argitaratua: World Scientific 1991
Etiketak: Etiketa erantsi
Etiketarik gabe, Izan zaitez lehena erregistro honi etiketa jartzen!
Thư viện lưu trữ: Mạng thư viện Đại học Đà Nẵng
LEADER 00633nam a2200253 4500
001 000021534
003 17982
005 20150422090428.0
008 150422s1991 viesd
020 |c 00 
041 0 |a vie 
082 1 4 |a 530  |b WA-P 
100 1 |a Wallace, Philip R. (Philip Russell) 
245 1 0 |a Physics : imagination and reality  |c P.R. Wallace 
260 |b World Scientific  |c 1991 
300 |a tr.  |c cm. 
OWN |a LSP 
999 |a From the UDN01 
TYP |a Monograph 
TYP |a Printed language 
980 |a Mạng thư viện Đại học Đà Nẵng